Logo

Description automatically generated
विद्यार्जन
 संसाधन केंद्र, भारतीय प्रौद्योगिकी संस्थान इन्दौर
Learning Resource Center, Indian Institute of Technology Indore

ऑनलाइन सार्वजनिक अभिगम प्रसूची
Online Public Access Catalogue (OPAC)

Never fear cancer again : how to prevent and reverse cancer (Record no. 57410)

MARC details
000 -LEADER
fixed length control field 00811nam a2200253Ia 4500
005 - DATE AND TIME OF LATEST TRANSACTION
control field 20260704175958.0
008 - FIXED-LENGTH DATA ELEMENTS--GENERAL INFORMATION
fixed length control field 260704s9999||||xx |||||||||||||| ||und||
020 ## - INTERNATIONAL STANDARD BOOK NUMBER
International Standard Book Number 075731550X
Qualifying information pbk
020 ## - INTERNATIONAL STANDARD BOOK NUMBER
International Standard Book Number 9780757315503
Qualifying information pbk
082 ## - DEWEY DECIMAL CLASSIFICATION NUMBER
Classification number 616.99406
Item number FRA
100 ## - MAIN ENTRY--PERSONAL NAME
Personal name Francis, Raymond
245 #0 - TITLE STATEMENT
Title Never fear cancer again : how to prevent and reverse cancer
260 ## - PUBLICATION, DISTRIBUTION, ETC.
Place of publication, distribution, etc. Deerfield Beach, FL
Name of publisher, distributor, etc. Health Communications
Date of publication, distribution, etc. 2011
300 ## - PHYSICAL DESCRIPTION
Extent xii, 372p. ; 21cm.
653 ## - INDEX TERM--UNCONTROLLED
Uncontrolled term Cancer --Prevention --Popular works
653 ## - INDEX TERM--UNCONTROLLED
Uncontrolled term Cancer patients — Care
653 ## - INDEX TERM--UNCONTROLLED
Uncontrolled term Cancer--Alternative treatment
653 ## - INDEX TERM--UNCONTROLLED
Uncontrolled term Cancer--Alternative treatment
653 ## - INDEX TERM--UNCONTROLLED
Uncontrolled term Cancer--Diet therapy
653 ## - INDEX TERM--UNCONTROLLED
Uncontrolled term Complementary therapies
653 ## - INDEX TERM--UNCONTROLLED
Uncontrolled term Integrative medicine
700 ## - ADDED ENTRY--PERSONAL NAME
Personal name Diamond, Harvey [Foreword by]
942 ## - ADDED ENTRY ELEMENTS (KOHA)
Koha item type Book
Holdings
Withdrawn status Lost status Damaged status Not for loan Home library Current library Shelving location Date acquired Source of acquisition Total Checkouts Full call number Barcode Date last seen Price effective from Koha item type
        LRC, IIT Indore LRC, IIT Indore 2nd Floor - General Stack 04/07/2026 Gratis Book Price: USD 14.95   616.99406 FRA G2635 04/07/2026 04/07/2026 Book
Copyright © 2017-2026 Indian Institute of Technology Indore. All Rights Reserved.
Managed & maintained by Learning Resource Center, IIT Indore